Fundamentals of Zambian humanism (Record no. 63388)

MARC details
000 -LEADER
fixed length control field 00694nam a2200169 a 4500
008 - FIXED-LENGTH DATA ELEMENTS--GENERAL INFORMATION
fixed length control field 120416s1977 ||||||||||||||||| || u
050 ## - LIBRARY OF CONGRESS CALL NUMBER
Classification number JC 273.Z2 Kan
100 ## - MAIN ENTRY--PERSONAL NAME
Personal name Kandeke, Timothy Katongo
245 10 - TITLE STATEMENT
Title Fundamentals of Zambian humanism
260 ## - PUBLICATION, DISTRIBUTION, ETC.
Place of publication, distribution, etc. Lusaka
Name of publisher, distributor, etc. Neczam
Date of publication, distribution, etc. 1977
300 ## - PHYSICAL DESCRIPTION
Extent xxvii, 249p. : ill.
350 ## -
-- 0.00
650 ## - SUBJECT ADDED ENTRY--TOPICAL TERM
Topical term or geographic name entry element HUMANISM
650 ## - SUBJECT ADDED ENTRY--TOPICAL TERM
Topical term or geographic name entry element POLITICAL THEORY--ZAMBIA
995 ## -
-- SPECIAL COLLECTIONS
-- 0.00
-- 718628
-- CBU-MAIN LIBRARY (Kitwe)
-- 3
-- 150.00
-- ZAM JC 273.Z2 Kan
-- 3
-- AVAILABLE
-- 024224
-- Zambiana Collection
995 ## -
-- BINDERY (DAMAGED)
-- 0.00
-- 711992
-- CBU-MAIN LIBRARY (Kitwe)
-- 2
-- 150.00
-- JC 273.Z2 Kan
-- 1
-- DAMAGED
-- 009342
-- Main Library Open Access Collection
999 ## -
-- 63388
-- 63388
Holdings
Withdrawn status Lost status Source of classification or shelving scheme Damaged status Not for loan Permanent Location Current Location Shelving location Date acquired Total Checkouts Full call number Barcode Date last seen Price effective from Koha item type
          CBU-MAIN LIBRARY, KITWE. CBU-MAIN LIBRARY, KITWE.   12/24/2022   JC 273.Z2 Kan 024224 12/24/2022 12/24/2022 MONOGRAPH
          CBU-MAIN LIBRARY, KITWE. CBU-MAIN LIBRARY, KITWE.   12/24/2022   JC 273.Z2 Kan 009342 12/24/2022 12/24/2022 MONOGRAPH